Introduction to Probability (Record no. 1070)

MARC details
005 - DATE AND TIME OF LATEST TRANSACTION
control field 20250403105256.0
020 ## - INTERNATIONAL STANDARD BOOK NUMBER
International Standard Book Number 0-394-34485-5
082 ## - DEWEY DECIMAL CLASSIFICATION NUMBER
Classification number 519.2 SNE
100 ## - MAIN ENTRY--PERSONAL NAME
Author name SNELL, J. L.
245 ## - TITLE STATEMENT
Title Introduction to Probability
260 ## - PUBLICATION, DISTRIBUTION, ETC.
Place of publication, distribution, etc. New York,
Name of publisher, distributor, etc. Random House,
Date of publication, distribution, etc. 1988.
300 ## - PHYSICAL DESCRIPTION
Extent xix, 478p.: ill,; table
Other physical details Index.
Dimensions 24cm.
942 ## - ADDED ENTRY ELEMENTS (KOHA)
Source of classification or shelving scheme Dewey Decimal Classification
Koha item type Books
Holdings
Date last seen Total checkouts Full call number Barcode Cost, replacement price Price effective from Koha item type Lost status Source of classification or shelving scheme Damaged status Not for loan Withdrawn status Home library Current library Shelving location Date acquired Cost, normal purchase price
04/03/2025   519.2 SNE 0000004152 30000.00 04/03/2025 Books   Dewey Decimal Classification       College of Business Education Main Library College of Business Education Main Library General Collection 04/03/2025 10000.00